000 00545nam a2200205Ia 4500
003 OSt
005 20230413085459.0
008 210423s2008 xx 000 0 und d
020 _a978812691004
040 _cAL
041 _aeng
082 _a808.5431
_223
_b MITR
100 _aMITRA (Reena).
_987430
245 _aE M Forsters: a passage to India.
260 _aNew Delhi
_bAtlantic Publishers and Distributors
_c2008
300 _ax,125
_bHB
365 _b350
_cINR
906 _aE ; Forsters: ; india. ; M ; passage
942 _2ddc
_cBK
999 _c157327
_d157327